Statistics for Countries by Native Name Map Quiz

Click here to take the quiz!

General Stats

  • This quiz has been taken 58 times
  • The average score is 17 of 19

Answer Stats

Answer % Correct
Pilipinas
100%
España
98%
Brasil
98%
Deutschland
98%
Papua Niugini
98%
Norge
96%
Nippon
96%
Hellas
94%
al-Jazā'ir
94%
Österreich
94%
Éire
94%
Kampuchea
92%
Ísland
92%
Suomi
90%
Bhārat
86%
Zhongguo
80%
Aotearoa
80%
Hanguk
78%
Miṣr
61%

Score Distribution

Percentile by Number Answered

Percent of People with Each Score

Your Score History

You have not taken this quiz